| 000 | 00550nam a2200169Ia 4500 | ||
|---|---|---|---|
| 008 | 180921t2017 xxu||||| |||| 00| 0 sin d | ||
| 041 | _asin | ||
| 080 |
_aX92 _bමල්ල |
||
| 100 | _aමල්ලවආරච්චි, ලක්ෂ්මන් | ||
| 245 | _aමිනිස්සු හිනැස්සූ මිනිස්සු | ||
| 246 | _aMinissu hinassu minissu | ||
| 260 |
_bගොඩගේ _aකොළඹ _c2017 |
||
| 300 | _bපි.224, සෙ.මී.21 | ||
| 942 | _cBK | ||
| 999 |
_c6843 _d6843 |
||
| 003 | LK-CoDNM | ||
| 040 |
_aLK-CoDNM _dLK-CoDNM _eLK-CoDNM |
||